Loading...
Social structure/
| Main Author: | |
|---|---|
| Format: | Printed Book |
| Published: |
London,
Routledge:
1942.
|
| Subjects: |
| LEADER | 00501 a2200145 4500 | ||
|---|---|---|---|
| 020 | |a 9781138191662 | ||
| 082 | |a 301 |b HEN/S | ||
| 100 | |a Henry A. Mess. |9 11492 | ||
| 245 | |a Social structure/ |c by Henry A. Mess. | ||
| 260 | |b Routledge: |a London, |c 1942. | ||
| 300 | |a 130p. | ||
| 650 | |a Sociology and anthropology |9 11493 | ||
| 942 | |c BK | ||
| 999 | |c 62289 |d 62289 | ||
| 952 | |0 0 |1 0 |4 0 |6 301_000000000000000_HEN_S |7 0 |9 84444 |a SSUS |b SSUS |c STACKS |d 2017-02-21 |g 6952.00 |l 1 |o 301 HEN/S |p 083691 |r 2019-10-10 |s 2019-09-25 |w 2017-02-21 |y BK | ||